[Event "XXVI. Rhein-Main-Open, Gruppe B"]
[Site "Bad Homburg vor der Höhe"]
[Date "2024.06.01"]
[Round "6"]
[White "Gaertner, David"]
[Black "Glavev, Danail"]
[Result "1-0"]
[WhiteElo "1637"]
[BlackElo "1683"]
[PlyCount "63"]
[EventDate "2024.??.??"]
[WhiteTeam "Sfr.Mainz 1928"]
[BlackTeam "SK Bad Homburg 1927"]

1. d4 d5 2. c4 e6 3. Nf3 Nf6 4. g3 Be7 5. Bg2 O-O 6. O-O h6 7. Nc3 c5 8. cxd5 exd5 9. Ne5 Be6 10. b3 Nc6 11. Nxc6 bxc6 12. Bb2 Rc8 13. dxc5 Bxc5 14. Na4 Be7 15. Rc1 Qd7 16. Nc5 Bxc5 17. Rxc5 Qe7 18. Qd4 Bd7 19. e3 Kh7 20. Ra5 c5 21. Ba3 cxd4 22. Bxe7 Rfe8 23. Bxf6 gxf6 24. Rxd5 Be6 25. Rxd4 Rc2 26. Be4+ Kg7 27. Bxc2 Bh3 28. Rfd1 h5 29. Rd5 h4 30. Bf5 Bxf5 31. Rxf5 h3 32. Rh5 1-0

[Event "XXVI. Rhein-Main-Open, Gruppe B"]
[Site "Bad Homburg vor der Höhe"]
[Date "2024.06.01"]
[Round "6"]
[White "Gerber, Ingo"]
[Black "Liu, Jonas"]
[Result "1/2-1/2"]
[WhiteElo "1719"]
[BlackElo "1632"]
[PlyCount "45"]
[EventDate "2024.??.??"]
[WhiteTeam "Sfr.Mainz 1928"]
[BlackTeam "SV Oberursel"]

1. Nf3 d5 2. d4 Nf6 3. Bf4 c5 4. c3 Nc6 5. e3 e6 6. Nbd2 Bd6 7. Ne5 O-O 8. Bd3 Qc7 9. Ndf3 Nd7 10. Ng5 h6 11. Bh7+ Kh8 12. Ngxf7+ Kxh7 13. Qc2+ Kg8 14. Nxh6+ gxh6 15. Qg6+ Kh8 16. Qxh6+ Kg8 17. Qg5+ Kh7 18. Qh6+ Kg8 19. Qxe6+ Kh7 20. Qh3+ Kg8 21. Qg3+ Kh7 22. Qg6+ Kh8 23. Qh6+ 1/2-1/2

[Event "XXVI. Rhein-Main-Open, Gruppe B"]
[Site "Bad Homburg vor der Höhe"]
[Date "2024.06.01"]
[Round "6"]
[White "Hasenpflug, Till"]
[Black "Brunner, Andreas"]
[Result "1-0"]
[WhiteElo "1633"]
[BlackElo "1643"]
[PlyCount "29"]
[EventDate "2024.??.??"]
[WhiteTeam "SK Bad Homburg 1927"]
[BlackTeam "FV Berkersheim"]

1. e4 e5 2. Nf3 d6 3. d4 exd4 4. Nxd4 Nf6 5. Nc3 a6 6. Bg5 c5 7. Nf3 Bg4 8. h3 Bxf3 9. Qxf3 Be7 10. Bc4 O-O 11. O-O b5 12. e5 bxc4 13. exf6 gxf6 14. Bh6 Re8 15. Qg4+ 1-0

[Event "XXVI. Rhein-Main-Open, Gruppe B"]
[Site "Bad Homburg vor der Höhe"]
[Date "2024.06.01"]
[Round "6"]
[White "Hofmann, Marco"]
[Black "Fischer, Frederik"]
[Result "1/2-1/2"]
[WhiteElo "1404"]
[BlackElo "1616"]
[PlyCount "58"]
[EventDate "2024.??.??"]
[WhiteTeam "VSG 1880 Offenbach"]
[BlackTeam "SV Oberursel"]

1. d4 d5 2. Nf3 Nf6 3. e3 e6 4. Bd3 c5 5. c3 Bd6 6. O-O O-O 7. Nbd2 Qc7 8. h3 Nbd7 9. e4 dxe4 10. Nxe4 Nxe4 11. Bxe4 f5 12. Bc2 e5 13. dxe5 Nxe5 14. Nxe5 Bxe5 15. Qd5+ Kh8 16. Re1 Bf6 17. Be3 Be7 18. Qf3 Bd7 19. Bf4 Bd6 20. Bxd6 Qxd6 21. Rad1 Qc6 22. Qg3 f4 23. Qh4 h6 24. f3 Bf5 25. Bxf5 Rxf5 26. Re7 Qg6 27. Qf2 Re8 28. Rde1 Rxe7 29. Rxe7 Qc6 1/2-1/2

[Event "XXVI. Rhein-Main-Open, Gruppe B"]
[Site "Bad Homburg vor der Höhe"]
[Date "2024.06.01"]
[Round "6"]
[White "Jordake, Michael"]
[Black "Henn, Jochen"]
[Result "1/2-1/2"]
[WhiteElo "1804"]
[BlackElo "1671"]
[PlyCount "82"]
[EventDate "2024.??.??"]
[WhiteTeam "SC Bergen-Enkheim 1922"]
[BlackTeam "SC Bad Nauheim"]

1. Nc3 Nf6 2. e4 e5 3. Nf3 Nc6 4. d4 exd4 5. Nxd4 d6 6. Be2 Bd7 7. Bg5 Be7 8. Be3 O-O 9. O-O Ne5 10. h3 a6 11. f4 Nc6 12. Nf3 Bc8 13. a3 b5 14. Bd3 Bb7 15. e5 Nd7 16. exd6 Bxd6 17. Bxh7+ Kxh7 18. Ng5+ Kg8 19. Nd5 Be7 20. Nxe7+ Qxe7 21. Re1 Qd6 22. Qh5 Qh6 23. Qf3 Rfe8 24. Qd5 Re7 25. Rad1 Nf6 26. Qf3 g6 27. Bc5 Rd7 28. Rxd7 Nxd7 29. Qd5 Nde5 30. Rxe5 Nxe5 31. Qxb7 Rd8 32. Qxc7 Re8 33. Bd4 f6 34. Bxe5 fxg5 35. fxg5 Qh7 36. Qd6 Qf7 37. Bf6 Re6 38. Qd3 Qe8 39. Kh2 Qb8+ 40. g3 Kf7 41. Qd5 Qa7 1/2-1/2

[Event "XXVI. Rhein-Main-Open, Gruppe B"]
[Site "Bad Homburg vor der Höhe"]
[Date "2024.06.01"]
[Round "6"]
[White "Krischak, Werner"]
[Black "Friedel, Thomas"]
[Result "1-0"]
[WhiteElo "1791"]
[BlackElo "1674"]
[PlyCount "23"]
[EventDate "2024.??.??"]
[WhiteTeam "SK Marburg 1931/72"]
[BlackTeam "SV 1946 Groß-Gerau"]

1. d4 d5 2. c4 c6 3. Nf3 Nf6 4. Nc3 Bf5 5. cxd5 cxd5 6. Qb3 b6 7. Ne5 e6 8. Bg5 Be7 9. Bxf6 Bxf6 10. Qa4+ Nd7 11. e4 dxe4 12. Nxd7 1-0

[Event "XXVI. Rhein-Main-Open, Gruppe B"]
[Site "Bad Homburg vor der Höhe"]
[Date "2024.06.01"]
[Round "6"]
[White "Lao, Theodora Siyuan"]
[Black "Vasudevan, Ananya"]
[Result "0-1"]
[WhiteElo "1088"]
[BlackElo "1244"]
[PlyCount "52"]
[EventDate "2024.??.??"]
[WhiteTeam "SK Bad Homburg 1927"]
[BlackTeam "SK Langen"]

1. e4 g6 2. d4 Bg7 3. g3 b6 4. Bg2 Bb7 5. b3 c5 6. Bb2 d6 7. Ne2 Nd7 8. O-O e6 9. c4 Ne7 10. Qc2 O-O 11. d5 a6 12. Bxg7 Kxg7 13. a4 b5 14. axb5 axb5 15. Rxa8 Qxa8 16. dxe6 fxe6 17. cxb5 d5 18. exd5 exd5 19. Qc3+ d4 20. Bxb7 Qxb7 21. Qd3 Ne5 22. Qd1 Nf3+ 23. Kg2 Ne1+ 24. Kh3 Qg2+ 25. Kg4 h5+ 26. Kg5 Nf3# 0-1

[Event "XXVI. Rhein-Main-Open, Gruppe B"]
[Site "Bad Homburg vor der Höhe"]
[Date "2024.06.01"]
[Round "6"]
[White "Lebermann, Hellmuth"]
[Black "Brauer, Julian"]
[Result "0-1"]
[WhiteElo "1909"]
[BlackElo "1731"]
[PlyCount "60"]
[EventDate "2024.??.??"]
[WhiteTeam "SK Bad Homburg 1927"]
[BlackTeam "SC Herxheim"]

1. e4 Nf6 2. e5 Nd5 3. d4 d6 4. f4 dxe5 5. fxe5 Bf5 6. c3 e6 7. Nf3 c5 8. Bd3 Bxd3 9. Qxd3 Nc6 10. O-O cxd4 11. cxd4 Qb6 12. Kh1 Rd8 13. Rd1 Be7 14. Nc3 h6 15. Nxd5 Rxd5 16. b3 O-O 17. Be3 Rfd8 18. Qe2 Bb4 19. Rac1 Ba3 20. Rb1 a5 21. Qf2 Rc8 22. Qh4 Be7 23. Qh5 Rf8 24. g4 f6 25. g5 fxg5 26. Nxg5 hxg5 27. Bxg5 Rf5 28. h4 Rxd4 29. Rf1 Nxe5 30. Rxf5 Qc6+ 0-1

[Event "XXVI. Rhein-Main-Open, Gruppe B"]
[Site "Bad Homburg vor der Höhe"]
[Date "2024.06.01"]
[Round "6"]
[White "Li, Leo Jiayi"]
[Black "Ghaznavi, Massoud"]
[Result "0-1"]
[WhiteElo "1151"]
[BlackElo "1664"]
[PlyCount "142"]
[EventDate "2024.??.??"]
[WhiteTeam "SV Oberursel"]
[BlackTeam "SV Oberursel"]

1. e4 c6 2. d4 d5 3. e5 Bf5 4. Nf3 h6 5. h4 e6 6. Nc3 Bb4 7. Bd2 Ba5 8. Ne2 Bc7 9. Ng3 Bh7 10. Bc3 Ne7 11. Bd3 g6 12. a4 Nd7 13. a5 c5 14. b3 a6 15. b4 c4 16. Be2 b5 17. axb6 Bxb6 18. Ra2 Rg8 19. Qa1 Qc8 20. b5 Nb8 21. Nd2 Nf5 22. Nxf5 gxf5 23. g3 Kf8 24. bxa6 Rxa6 25. Rxa6 Qxa6 26. Qxa6 Nxa6 27. O-O f4 28. Kh2 fxg3+ 29. fxg3 Bxc2 30. Ra1 Nc7 31. Bd1 Bd3 32. Kg2 Kg7 33. Bh5 Nb5 34. Ra6 Bxd4 35. Bxd4 Nxd4 36. Ra7 Rf8 37. Nf3 Be4 38. Kf2 Bxf3 39. Bxf3 Nxf3 40. Kxf3 Rc8 41. Ra1 d4 42. Ke2 Kg6 43. g4 h5 44. g5 Rc7 45. Rc1 Kf5 46. Kf3 Kxe5 47. Re1+ Kf5 48. Rc1 e5 49. Ke2 e4 50. Rf1+ Ke5 51. Rc1 c3 52. Ra1 Kf4 53. Rf1+ Kg4 54. Rg1+ Kxh4 55. Rh1+ Kxg5 56. Rg1+ Kh6 57. Ra1 f5 58. Ra6+ Kg5 59. Ra1 f4 60. Rg1+ Kf5 61. Ra1 f3+ 62. Kd1 Kf4 63. Kc2 d3+ 64. Kd1 Rg7 65. Ke1 Rg1+ 66. Kf2 Rg2+ 67. Kf1 Rb2 68. Rc1 c2 69. Ke1 e3 70. Rd1 Rb1 71. Rxb1 cxb1=R# 0-1

[Event "XXVI. Rhein-Main-Open, Gruppe B"]
[Site "Bad Homburg vor der Höhe"]
[Date "2024.06.01"]
[Round "6"]
[White "Li, Xiao Teng"]
[Black "Negru, Maximilian"]
[Result "0-1"]
[WhiteElo "1276"]
[BlackElo "1605"]
[PlyCount "58"]
[EventDate "2024.??.??"]
[WhiteTeam "SK Bad Homburg 1927"]
[BlackTeam "SK Bad Homburg 1927"]

1. c4 e5 2. Nc3 Nf6 3. g3 c6 4. Qb3 Na6 5. e3 Nc5 6. Qc2 d5 7. d4 exd4 8. exd4 Nce4 9. Nge2 Bf5 10. Qb3 Qd7 11. Bg2 dxc4 12. Qxc4 b5 13. Qd3 Bb4 14. Qd1 Nd5 15. Bd2 Nxd2 16. Qxd2 O-O 17. O-O Bh3 18. Qg5 Bxg2 19. Kxg2 Be7 20. Qd2 Nc7 21. Rad1 b4 22. Na4 Qd5+ 23. Kg1 Ne6 24. b3 Ng5 25. f3 Nxf3+ 26. Rxf3 Qxf3 27. Re1 Rae8 28. Qc2 Bg5 29. Qd1 Be3# 0-1

[Event "XXVI. Rhein-Main-Open, Gruppe B"]
[Site "Bad Homburg vor der Höhe"]
[Date "2024.06.01"]
[Round "6"]
[White "Lopez Fuertes, Victor"]
[Black "Beier, Martin"]
[Result "1-0"]
[WhiteElo "1748"]
[BlackElo "1602"]
[PlyCount "115"]
[EventDate "2024.??.??"]
[WhiteTeam "SC 1910 Höchst"]
[BlackTeam "SK Bad Homburg 1927"]

1. e4 e6 2. d4 d5 3. e5 c5 4. c3 Nc6 5. Nf3 Qb6 6. a3 cxd4 7. cxd4 Nh6 8. Bd3 Bd7 9. Bc2 Nf5 10. Bxf5 exf5 11. O-O Be7 12. Nc3 Be6 13. Na4 Qc7 14. b4 Rc8 15. Be3 O-O 16. Rc1 Qd7 17. Nc5 Bxc5 18. Rxc5 h6 19. h4 Rc7 20. Qd2 b6 21. Rc2 Rfc8 22. Rfc1 a6 23. Qe2 b5 24. Ne1 Nd8 25. Nd3 Nb7 26. Nc5 Nxc5 27. bxc5 Qe7 28. g3 Bd7 29. Bd2 f6 30. Re1 Kf7 31. Qh5+ Kf8 32. Ba5 Rc6 33. Rce2 Rb8 34. Re3 Rbc8 35. Bb4 Kg8 36. Qf3 Be6 37. h5 Rd8 38. Kg2 Qf7 39. Rh1 Rf8 40. Qf4 fxe5 41. Rxe5 Bd7 42. Bd2 Re6 43. Rxe6 Qxe6 44. Re1 Qf7 45. Qd6 Re8 46. Re5 f4 47. Bxf4 Rxe5 48. Qxe5 Bf5 49. f3 Be6 50. g4 g5 51. hxg6 Qxg6 52. Kg3 Bf7 53. Kh4 Qc2 54. Bxh6 Qg6 55. Qg5 Qxg5+ 56. Kxg5 a5 57. c6 Be6 58. Kf6 1-0

[Event "XXVI. Rhein-Main-Open, Gruppe B"]
[Site "Bad Homburg vor der Höhe"]
[Date "2024.06.01"]
[Round "6"]
[White "Meyer Jany, Marcel"]
[Black "Kulkovets, Roman"]
[Result "1/2-1/2"]
[WhiteElo "1785"]
[BlackElo "1684"]
[PlyCount "27"]
[EventDate "2024.??.??"]
[WhiteTeam "SK Herborn 1946"]
[BlackTeam "SAbt TuS Makkabi Ffm"]

1. d4 Nf6 2. c4 c5 3. d5 e6 4. Nc3 exd5 5. cxd5 d6 6. e4 g6 7. h3 Bg7 8. Nf3 Qa5 9. Bd3 O-O 10. O-O a6 11. Bf4 Qc7 12. a4 Nbd7 13. Qe2 Re8 14. Rac1 1/2-1/2

[Event "XXVI. Rhein-Main-Open, Gruppe B"]
[Site "Bad Homburg vor der Höhe"]
[Date "2024.06.01"]
[Round "6"]
[White "Moldenhauer, Nils"]
[Black "Iannotti, Tim"]
[Result "1-0"]
[WhiteElo "1685"]
[BlackElo "1094"]
[PlyCount "101"]
[EventDate "2024.??.??"]
[WhiteTeam "SV Oberursel"]
[BlackTeam "SV Oberursel"]

1. e4 e5 2. Nf3 Nc6 3. Bc4 Nf6 4. d3 Bb4+ 5. c3 Bc5 6. O-O O-O 7. Re1 Re8 8. Nbd2 d6 9. Nf1 Be6 10. Bb3 d5 11. Ng3 Ng4 12. Re2 Qd7 13. h3 Nf6 14. Bg5 Be7 15. exd5 Bxd5 16. Nxe5 Bxb3 17. axb3 Qd5 18. d4 a6 19. Nf5 Nxe5 20. Rxe5 Qd7 21. Qf3 c6 22. Rae1 Bd8 23. Qe3 Rxe5 24. Qxe5 Bc7 25. Qe3 Qxf5 26. Bxf6 gxf6 27. Qe7 Rc8 28. b4 b6 29. Qe2 Qf4 30. g3 Qh6 31. Qg4+ Qg6 32. Qxc8+ Kg7 33. Qxc7 Qc2 34. Qxb6 Qxb2 35. Qxc6 Qa3 36. Re4 Qc1+ 37. Kg2 f5 38. Rf4 Qc2 39. Qd5 Qxc3 40. Rxf5 Qc7 41. Qe5+ Qxe5 42. Rxe5 Kf6 43. Re3 h5 44. d5 Kg5 45. d6 f5 46. d7 f4 47. gxf4+ Kxf4 48. d8=Q a5 49. Qf8+ Kg5 50. Rg3+ Kh4 51. Qf4# 1-0

[Event "XXVI. Rhein-Main-Open, Gruppe B"]
[Site "Bad Homburg vor der Höhe"]
[Date "2024.06.01"]
[Round "6"]
[White "Nahler, Michael"]
[Black "Ziegler, Christopher"]
[Result "1-0"]
[WhiteElo "1884"]
[BlackElo "1740"]
[PlyCount "85"]
[EventDate "2024.??.??"]
[WhiteTeam "SV Oberursel"]
[BlackTeam "SV 1920 Kelsterbach"]

1. e4 e5 2. Nf3 Nc6 3. Bb5 a6 4. Ba4 b5 5. Bb3 Bc5 6. O-O Nf6 7. c3 Nxe4 8. d4 exd4 9. cxd4 Bb4 10. Bxf7+ Kxf7 11. Ne5+ Nxe5 12. dxe5 Ke8 13. Qd5 Rb8 14. Qxe4 Qe7 15. Bf4 Bb7 16. Qd3 Rf8 17. Bg3 h6 18. Nc3 Qe6 19. Rad1 Bxc3 20. bxc3 Bc6 21. Rd2 Kf7 22. Qd4 Kg8 23. Rfd1 Ra8 24. Rf1 a5 25. Qd3 Rfb8 26. f4 b4 27. f5 Qf7 28. c4 a4 29. e6 dxe6 30. fxe6 Qxe6 31. Bxc7 Rb7 32. Re2 Qg4 33. Be5 Re7 34. Rff2 Rae8 35. Qd6 Qxc4 36. Rc2 Qe4 37. Qxc6 Qe1+ 38. Rf1 Qe3+ 39. Rcf2 Rxe5 40. Qxa4 Rf8 41. Qb3+ Qxb3 42. Rxf8+ Kh7 43. axb3 1-0

[Event "XXVI. Rhein-Main-Open, Gruppe B"]
[Site "Bad Homburg vor der Höhe"]
[Date "2024.06.01"]
[Round "6"]
[White "Nikonenko, Hlib"]
[Black "Kovacs, Adam"]
[Result "1-0"]
[WhiteElo "1648"]
[BlackElo "1421"]
[PlyCount "93"]
[EventDate "2024.??.??"]
[WhiteTeam "SV Oberursel"]
[BlackTeam "SK Gründau"]

1. e4 e6 2. d4 d5 3. exd5 exd5 4. Nc3 Nf6 5. Bg5 c6 6. Nf3 Bd6 7. Bd3 O-O 8. O-O Bg4 9. h3 Bh5 10. Be2 Nbd7 11. Re1 Qc7 12. Nd2 Bxe2 13. Qxe2 h6 14. Bxf6 Nxf6 15. Nf3 Rfe8 16. Qd3 Rxe1+ 17. Rxe1 Re8 18. Rxe8+ Nxe8 19. Qe3 Nf6 20. Ne5 c5 21. Ng4 Nxg4 22. hxg4 cxd4 23. Qxd4 Be5 24. Nxd5 Bxd4 25. Nxc7 Bxb2 26. Nb5 a5 27. Kf1 Kf8 28. Nd6 b6 29. Ke2 Bd4 30. f3 Bc5 31. Ne4 Ke7 32. Kd3 Kd7 33. Nxc5+ bxc5 34. f4 g6 35. Kc4 Kc6 36. a4 h5 37. gxh5 gxh5 38. f5 h4 39. f6 Kd6 40. Kb5 Ke5 41. Kxa5 Kf4 42. Kb5 Kg3 43. a5 Kxg2 44. a6 h3 45. a7 h2 46. a8=Q+ Kg1 47. Kxc5 1-0

[Event "XXVI. Rhein-Main-Open, Gruppe B"]
[Site "Bad Homburg vor der Höhe"]
[Date "2024.06.01"]
[Round "6"]
[White "Nikonenko, Tymofii"]
[Black "Senft, Stefanie"]
[Result "1-0"]
[WhiteElo "1230"]
[BlackElo "790"]
[PlyCount "61"]
[EventDate "2024.??.??"]
[WhiteTeam "SV Oberursel"]
[BlackTeam "SF Bremer Osten Bgh. Mahndorf"]

1. d4 d5 2. c4 e6 3. Nc3 Nf6 4. Bg5 Be7 5. e3 h6 6. Bh4 O-O 7. Nf3 Nbd7 8. Be2 g5 9. Bg3 Bb4 10. Qc2 Ne4 11. O-O Bxc3 12. bxc3 b6 13. cxd5 exd5 14. Ne5 Ndf6 15. Nc6 Qe8 16. Nb4 Bf5 17. Qb2 Qe6 18. Be5 g4 19. Bd3 Nh5 20. Bxe4 Bxe4 21. Qe2 f6 22. Bg3 Rf7 23. Nd3 Raf8 24. Nf4 Nxg3 25. fxg3 Qf5 26. c4 c6 27. a4 Rc8 28. Rad1 c5 29. Nxd5 Qg6 30. Rxf6 Rxf6 31. Ne7+ 1-0

[Event "XXVI. Rhein-Main-Open, Gruppe B"]
[Site "Bad Homburg vor der Höhe"]
[Date "2024.06.01"]
[Round "6"]
[White "Noll, Raphael"]
[Black "Kaiser, Danny"]
[Result "1-0"]
[WhiteElo "1776"]
[BlackElo "1103"]
[PlyCount "33"]
[EventDate "2024.??.??"]
[WhiteTeam "SK Marburg 1931/72"]
[BlackTeam "SC Bad Nauheim"]

1. e4 e5 2. Nf3 Nc6 3. d4 exd4 4. Nxd4 d5 5. Bb5 Bd7 6. exd5 Nxd4 7. Bxd7+ Qxd7 8. Qxd4 Rd8 9. Nc3 b6 10. O-O Bc5 11. Qxg7 Bd4 12. Re1+ Ne7 13. Qxd4 Rg8 14. Qf6 a6 15. Bg5 Rg6 16. Qh8+ Rg8 17. Qxg8# 1-0

[Event "XXVI. Rhein-Main-Open, Gruppe B"]
[Site "Bad Homburg vor der Höhe"]
[Date "2024.06.01"]
[Round "6"]
[White "Pfaff, Helmut"]
[Black "Kellermann, Friedrich"]
[Result "0-1"]
[WhiteElo "1529"]
[BlackElo "1633"]
[PlyCount "52"]
[EventDate "2024.??.??"]
[WhiteTeam "Vorw.Orient Mainz"]
[BlackTeam "SC Hilchenbach"]

1. c4 Nf6 2. Nc3 e6 3. d4 d5 4. e3 b6 5. Nf3 Bb7 6. Bd3 Nbd7 7. O-O c5 8. Re1 Be7 9. e4 dxe4 10. Nxe4 O-O 11. Qb3 Nxe4 12. Bxe4 Bxe4 13. Rxe4 Nf6 14. Rf4 Qc7 15. Rh4 Rfd8 16. Bf4 Qc8 17. Rd1 Ne8 18. Rh3 Bf6 19. d5 exd5 20. cxd5 c4 21. Qb4 c3 22. Ne5 Bxe5 23. Bxe5 c2 24. Rc1 Rxd5 25. Rc3 Rd1+ 26. Rxd1 cxd1=Q# 0-1

[Event "XXVI. Rhein-Main-Open, Gruppe B"]
[Site "Bad Homburg vor der Höhe"]
[Date "2024.06.01"]
[Round "6"]
[White "Pichl, Johann"]
[Black "Obst, Dietmar"]
[Result "1-0"]
[WhiteElo "1708"]
[BlackElo "1618"]
[PlyCount "85"]
[EventDate "2024.??.??"]
[WhiteTeam "SK Bad Homburg 1927"]
[BlackTeam "SC Bad Nauheim"]

1. d4 d5 2. Nf3 Nf6 3. c3 e6 4. Bf4 c5 5. e3 Nc6 6. Be2 Qb6 7. Qc2 Be7 8. h3 h6 9. Nbd2 Bd7 10. O-O O-O 11. dxc5 Bxc5 12. Rfd1 Ne7 13. Bd3 Bb5 14. Bxb5 Qxb5 15. Nb3 Ng6 16. Bg3 Be7 17. Nbd4 Qb6 18. Rab1 Rac8 19. Ne5 Nxe5 20. Bxe5 Nd7 21. Bg3 Nc5 22. Nf3 Ne4 23. Bh2 Rfd8 24. Be5 Bf6 25. Bd4 Bxd4 26. exd4 Qc7 27. Nd2 Ng5 28. Qd3 a6 29. Re1 Qf4 30. Re3 Re8 31. Rbe1 b5 32. Qe2 Rf8 33. Rg3 Rce8 34. Qe3 Qd6 35. h4 Nh7 36. Qxh6 g6 37. Nf3 Qe7 38. Ng5 Nxg5 39. hxg5 f6 40. gxf6 Rxf6 41. Rxg6+ Rxg6 42. Qxg6+ Qg7 43. Qxe8+ 1-0

[Event "XXVI. Rhein-Main-Open, Gruppe B"]
[Site "Bad Homburg vor der Höhe"]
[Date "2024.06.01"]
[Round "6"]
[White "Schloemer, Andreas"]
[Black "Wolf, Helena"]
[Result "1-0"]
[WhiteElo "1766"]
[BlackElo "1498"]
[PlyCount "113"]
[EventDate "2024.??.??"]
[WhiteTeam "SK Upland Willingen"]
[BlackTeam "SK Bad Homburg 1927"]

1. c4 e5 2. g3 Nc6 3. Bg2 Bc5 4. d3 d6 5. Nf3 a6 6. a3 Ba7 7. b4 Nf6 8. O-O Bd7 9. Bb2 O-O 10. Nbd2 Qc8 11. Re1 Bh3 12. Bh1 Ng4 13. e3 h6 14. d4 f5 15. b5 Ne7 16. dxe5 f4 17. Bd4 fxe3 18. fxe3 Nf5 19. Bxa7 Rxa7 20. Qb3 dxe5 21. e4 Qd7 22. exf5 Qxf5 23. Ne4 Nf6 24. Nxf6+ Qxf6 25. Qe3 Raa8 26. Qxe5 Qb6+ 27. Qe3 Qf6 28. Ra2 Bg4 29. Rf2 Qb6 30. Qxb6 cxb6 31. Re3 axb5 32. cxb5 Ra5 33. Nd4 Rxf2 34. Kxf2 Ra4 35. Ne2 Ra5 36. Re4 Bxe2 37. Rxe2 Rxa3 38. Bxb7 Ra7 39. Bc6 Ra3 40. Kg2 Kf7 41. Rd2 Ke6 42. Rd7 Kf6 43. Bf3 Ra2+ 44. Kh3 Ra3 45. Bg2 Re3 46. Rd6+ Re6 47. Rxe6+ Kxe6 48. Kg4 Kd6 49. Kf5 Kc5 50. Bc6 Kd4 51. Kg6 Ke5 52. h4 Ke6 53. Kxg7 Kf5 54. Kxh6 Kg4 55. h5 Kf5 56. Kg7 Kg5 57. h6 1-0

[Event "XXVI. Rhein-Main-Open, Gruppe B"]
[Site "Bad Homburg vor der Höhe"]
[Date "2024.06.01"]
[Round "6"]
[White "Schneider, Felix"]
[Black "Hees, Robin"]
[Result "1-0"]
[WhiteElo "1622"]
[BlackElo "1552"]
[PlyCount "117"]
[EventDate "2024.??.??"]
[WhiteTeam "SK Bad Homburg 1927"]
[BlackTeam "SK Bad Homburg 1927"]

1. Nf3 Nf6 2. c4 e6 3. g3 d5 4. d4 c5 5. cxd5 exd5 6. dxc5 Bxc5 7. Bg2 O-O 8. O-O Bf5 9. Qb3 Qb6 10. Qxb6 axb6 11. Nbd2 Re8 12. e3 Nc6 13. Nb3 Nb4 14. Nfd4 Bc2 15. a3 Bxd4 16. Nxd4 Be4 17. Bd2 Nd3 18. Bc3 Bxg2 19. Kxg2 Ne4 20. Rad1 Ndc5 21. Nb5 Red8 22. Bd4 Ra5 23. Nc3 Nxc3 24. Bxc3 Raa8 25. Bd4 Rac8 26. Rc1 Rc6 27. Rfd1 f6 28. Kf3 Rdc8 29. Ke2 Nb3 30. Rxc6 Nxd4+ 31. Rxd4 bxc6 32. Ra4 Rc7 33. Ra8+ Kf7 34. Rb8 b5 35. Ra8 Ke6 36. g4 Kd6 37. Kd3 c5 38. Ra6+ Rc6 39. Rxc6+ Kxc6 40. f3 Kd6 41. f4 g6 42. h4 h6 43. Kc3 g5 44. fxg5 fxg5 45. hxg5 hxg5 46. b3 Ke5 47. a4 bxa4 48. bxa4 Kd6 49. Kd3 Kc6 50. e4 c4+ 51. Kd4 dxe4 52. Kxc4 Kb6 53. Kd4 e3 54. Kxe3 Ka5 55. Ke4 Kxa4 56. Kf5 Kb5 57. Kxg5 Kc6 58. Kf6 Kd7 59. Kf7 1-0

[Event "XXVI. Rhein-Main-Open, Gruppe B"]
[Site "Bad Homburg vor der Höhe"]
[Date "2024.06.01"]
[Round "6"]
[White "Vogel, Kurt"]
[Black "Schleicher, Nicolai"]
[Result "1/2-1/2"]
[WhiteElo "1751"]
[BlackElo "1273"]
[PlyCount "60"]
[EventDate "2024.??.??"]
[WhiteTeam "DJK Aufwärts St. Josef Aachen"]
[BlackTeam "SV Frankfurt Nord 1926"]

1. e4 c5 2. Nc3 d6 3. f4 Nc6 4. Nf3 e6 5. Bb5 Bd7 6. Bxc6 Bxc6 7. d3 Nf6 8. O-O Be7 9. Qe1 d5 10. Ne5 Qc7 11. Nxc6 Qxc6 12. e5 Nd7 13. Qg3 Rg8 14. Kh1 O-O-O 15. Bd2 f5 16. Qf2 h6 17. a4 a6 18. Ne2 g5 19. d4 gxf4 20. Bxf4 Bg5 21. c3 c4 22. Rfb1 Nb6 23. a5 Na8 24. b4 Nc7 25. Rc1 Nb5 26. Ng1 Rg6 27. Nh3 Rdg8 28. Ra2 Qd7 29. Qf3 Qe7 30. Re2 Qd8 1/2-1/2

[Event "XXVI. Rhein-Main-Open, Gruppe B"]
[Site "Bad Homburg vor der Höhe"]
[Date "2024.06.01"]
[Round "6"]
[White "Winter, Thomas"]
[Black "Glavev, Victor"]
[Result "1-0"]
[WhiteElo "1624"]
[BlackElo "1483"]
[PlyCount "137"]
[EventDate "2024.??.??"]
[WhiteTeam "SV Oberursel"]
[BlackTeam "SK Bad Homburg 1927"]

1. e4 e5 2. Nf3 Nc6 3. Bb5 Nf6 4. Qe2 Bc5 5. O-O d6 6. h3 O-O 7. c3 h6 8. Rd1 a6 9. Bxc6 bxc6 10. d4 exd4 11. cxd4 Bb6 12. e5 Re8 13. Qc4 Nd5 14. a3 Ba5 15. Qxc6 Be6 16. b4 Bb6 17. Bb2 Ne7 18. Qc2 Bf5 19. Qe2 Ng6 20. Nc3 c6 21. Bc1 a5 22. b5 Qd7 23. g4 Be6 24. d5 cxd5 25. Nxd5 Bxd5 26. Rxd5 Rac8 27. Rxd6 Qa7 28. Qa2 Nxe5 29. Kg2 Nxf3 30. Kxf3 Qb7+ 31. Qd5 Qxd5+ 32. Rxd5 Rc3+ 33. Kg2 Re2 34. Kf1 Rxf2+ 35. Ke1 Rxh3 36. Rh5 Rg3 37. Rh1 Rxg4 38. Bd2 Bd4 39. Rb1 Re4+ 40. Kd1 Bb6 41. Rc1 Rf6 42. Rc8+ Kh7 43. Kc2 g5 44. Bc3 Rd6 45. Rh8+ Kg6 46. R1xh6+ Kf5 47. Rxd6 Bc7 48. Rd7 Bb6 49. Rh6 Be3 50. b6 g4 51. b7 Ba7 52. Bxa5 g3 53. Rd2 Be3 54. b8=Q Bxd2 55. Qxg3 Bxh6 56. Qd3 Bg7 57. Bc3 Bf8 58. a4 Kf4 59. a5 Ra4 60. a6 f5 61. Qb5 Ra2+ 62. Kb3 Ra3+ 63. Kc4 Kg4 64. Qb7 f4 65. a7 f3 66. Bd4 Ra4+ 67. Kd3 Rb4 68. Qd7+ Kg3 69. a8=Q 1-0

[Event "XXVI. Rhein-Main-Open, Gruppe B"]
[Site "Bad Homburg vor der Höhe"]
[Date "2024.06.01"]
[Round "6"]
[White "Wolf, Aurelia"]
[Black "Ploetz, Hans Juergen"]
[Result "1-0"]
[WhiteElo "1498"]
[BlackElo "1769"]
[PlyCount "113"]
[EventDate "2024.??.??"]
[WhiteTeam "SK Bad Homburg 1927"]
[BlackTeam "SC Bad Nauheim"]

1. e4 d6 2. d4 Nf6 3. Nc3 Nbd7 4. g4 h6 5. h3 e5 6. Nge2 Be7 7. Bg2 Nb6 8. O-O O-O 9. b3 c6 10. Be3 Qc7 11. Qd2 Nh7 12. f4 exf4 13. Bxf4 Bg5 14. Bxg5 Nxg5 15. Rf2 Bd7 16. d5 Rad8 17. dxc6 bxc6 18. Rd1 Bc8 19. h4 Ne6 20. g5 h5 21. Nf4 g6 22. Nxe6 Bxe6 23. Qf4 Qe7 24. e5 d5 25. Qf6 Qc7 26. Ne2 Nd7 27. Qf4 Qxe5 28. Qxe5 Nxe5 29. Nd4 Bd7 30. Nf3 Ng4 31. Re2 Rfe8 32. Rxe8+ Rxe8 33. Re1 Ne3 34. Re2 Kf8 35. Kf2 Nd1+ 36. Ke1 Rxe2+ 37. Kxe2 Nc3+ 38. Kd3 Nxa2 39. Kd4 Nb4 40. c3 Na6 41. Bf1 Nc7 42. Kc5 Ne6+ 43. Kd6 Be8 44. Ne5 Nd8 45. Nd7+ Bxd7 46. Kxd7 Ne6 47. Bh3 Nc5+ 48. Kxc6 Nxb3 49. Kxd5 a5 50. Kc4 Nc1 51. Kb5 Ne2 52. c4 Ke7 53. Kxa5 Nd4 54. c5 Kd8 55. Kb6 Nf5 56. c6 Kc8 57. c7 1-0

[Event "XXVI. Rhein-Main-Open, Gruppe B"]
[Site "Bad Homburg vor der Höhe"]
[Date "2024.06.01"]
[Round "6"]
[White "Xu, Dorothea Sicheng"]
[Black "Schaack, Frank"]
[Result "1-0"]
[WhiteElo "1256"]
[BlackElo "1470"]
[PlyCount "103"]
[EventDate "2024.??.??"]
[WhiteTeam "SK Bad Homburg 1927"]
[BlackTeam "SK Bad Homburg 1927"]

1. e4 c5 2. Nf3 d6 3. Bb5+ Nd7 4. d4 Qa5+ 5. Nc3 a6 6. Bxd7+ Bxd7 7. O-O Nf6 8. Re1 Rc8 9. Be3 cxd4 10. Nxd4 e5 11. Nb3 Qc7 12. h3 Be7 13. Qd2 Bc6 14. Bg5 h6 15. Bxf6 Bxf6 16. Rad1 Rd8 17. Nd5 Bxd5 18. Qxd5 O-O 19. c4 b6 20. Rd3 g5 21. Rg3 Kh8 22. Qd3 h5 23. Qf3 Bg7 24. Qxh5+ Kg8 25. Qxg5 f6 26. Qg4 Rde8 27. h4 Rf7 28. h5 Kf8 29. Rc1 Ke7 30. Qxg7 Rxg7 31. Rxg7+ Kd8 32. Rxc7 Kxc7 33. g4 Rg8 34. f3 Kd7 35. Kf2 Ke6 36. Rh1 Rg5 37. h6 Rg8 38. h7 Rh8 39. Ke3 Kf7 40. f4 Kg7 41. fxe5 dxe5 42. c5 bxc5 43. Nxc5 a5 44. a4 Kf7 45. Nb7 Ke7 46. Nxa5 Kd7 47. b4 Kc7 48. Rh6 Kd7 49. b5 Kc7 50. Nc4 Kb7 51. Nd6+ Kb6 52. Nf7 1-0